MARC details
| 000 -CABECERA |
| campo de control de longitud fija |
02612nas a2200517 a 4500 |
| 001 - NÚMERO DE CONTROL |
| campo de control |
6818744 |
| 003 - IDENTIFICADOR DEL NÚMERO DE CONTROL |
| campo de control |
CaAEU |
| 005 - FECHA Y HORA DE LA ÚLTIMA TRANSACCIÓN |
| campo de control |
20260305134633.0 |
| 006 - CÓDIGOS DE INFORMACIÓN DE LONGITUD FIJA--CARACTERÍSTICAS DEL MATERIAL ADICIONAL |
| campo de control de longitud fija |
m o d |
| 007 - CAMPO FIJO DE DESCRIPCIÓN FÍSICA--INFORMACIÓN GENERAL |
| campo de control de longitud fija |
cr un||||||||| |
| 008 - DATOS DE LONGITUD FIJA--INFORMACIÓN GENERAL |
| campo de control de longitud fija |
050822c19259999nyuwn pso r 0 a0eng |
| 010 ## - NÚMERO DE CONTROL DE LA BIBLIOTECA DEL CONGRESO |
| Número de control de LC |
2011201780 |
| 022 0# - NÚMERO INTERNACIONAL NORMALIZADO PARA PUBLICACIONES SERIADAS |
| Número Internacional Normalizado para Publicaciones Seriadas |
2163-3827 |
| ISSN Incorrecto |
0028-792X |
| Fuente |
1 |
| 035 ## - NÚMERO DE CONTROL DEL SISTEMA |
| Número de control de sistema |
ocm61311198 |
| 037 ## - FUENTE DE ADQUISICIÓN |
| Número de adquisición |
B4E509BD-287D-420B-A493-83D2BD3952F9 |
| Fuente del número de adquisición |
OverDrive, Inc. |
| Nota |
http://www.overdrive.com |
| 039 ## - NIVEL DE CONTROL BIBLIOGRÁFICO Y DETALLES DE CODIFICACIÓN [OBSOLETO] |
| Nivel de reglas en descripción bibliográfica |
exclude |
| 040 ## - FUENTE DE LA CATALOGACIÓN |
| Lengua de catalogación |
eng |
| Centro/agencia modificador |
AEU |
| Centro/agencia transcriptor |
tbs |
| 041 ## - CÓDIGO DE LENGUA |
| Código de lengua del texto/banda sonora o título independiente |
English |
| 042 ## - CÃDIGO DE AUTENTICACIÃN |
| Código de autenticación |
pcc |
| -- |
nsdp |
| 043 ## - CÓDIGO DE ÁREA GEOGRÁFICA |
| Código de área geográfica |
n-us-ny |
| 050 #4 - SIGNATURA TOPOGRÁFICA DE LA BIBLIOTECA DEL CONGRESO |
| Número de clasificación |
AP2 |
| Número de documento/Ítem |
.N6763 |
| 050 10 - SIGNATURA TOPOGRÁFICA DE LA BIBLIOTECA DEL CONGRESO |
| Número de clasificación |
ISSN RECORD |
| 082 04 - NÚMERO DE LA CLASIFICACIÓN DECIMAL DEWEY |
| Número de clasificación |
051 |
| Número de edición |
23 |
| 090 ## - LOCALMENTE ASIGNADO TIPO-LC NÚMERO DE CLASIFICACIÓN (OCLC); NÚMERO DE CLASIFICACIÓN LOCAL (RLIN) |
| Número de clasificación (OCLC) (R) ; Numero de clasificación, CALL (RLIN) (NR) |
Internet Access |
| Número cutter local (OCLC) ; Número de libro/Signatura topográfica íntegra, CALL (RLIN) |
AEGMCT |
| 090 ## - LOCALMENTE ASIGNADO TIPO-LC NÚMERO DE CLASIFICACIÓN (OCLC); NÚMERO DE CLASIFICACIÓN LOCAL (RLIN) |
| Número de clasificación (OCLC) (R) ; Numero de clasificación, CALL (RLIN) (NR) |
Internet Access |
| Número cutter local (OCLC) ; Número de libro/Signatura topográfica íntegra, CALL (RLIN) |
AEU |
| 090 ## - LOCALMENTE ASIGNADO TIPO-LC NÚMERO DE CLASIFICACIÓN (OCLC); NÚMERO DE CLASIFICACIÓN LOCAL (RLIN) |
| Número de clasificación (OCLC) (R) ; Numero de clasificación, CALL (RLIN) (NR) |
Internet Access |
| Número cutter local (OCLC) ; Número de libro/Signatura topográfica íntegra, CALL (RLIN) |
AGPC |
| 130 0# - ENTRADA PRINCIPAL--TÍTULO UNIFORME |
| Título uniforme |
New Yorker (New York, N.Y. : 1925) |
| 222 #4 - TÍTULO CLAVE |
| Título clave |
The New Yorker |
| Información calificativa |
(Print) |
| 245 14 - MENCIÓN DE TÍTULO |
| Título |
The New Yorker. |
| 260 ## - PUBLICACIÓN, DISTRIBUCIÓN, ETC. |
| Lugar de publicación, distribución, etc. |
New York : |
| Nombre del editor, distribuidor, etc. |
F-R Pub. Corp. |
| 260 2# - PUBLICACIÓN, DISTRIBUCIÓN, ETC. |
| Especificación de materiales |
<2003-> : |
| Lugar de publicación, distribución, etc. |
[New York] : |
| Nombre del editor, distribuidor, etc. |
D. Carey |
| 260 3# - PUBLICACIÓN, DISTRIBUCIÓN, ETC. |
| Especificación de materiales |
<Nov. 2005-> : |
| Lugar de publicación, distribución, etc. |
[New York] : |
| Nombre del editor, distribuidor, etc. |
Conde Nast Publications |
| 321 ## - PERIODICIDAD ANTERIOR |
| Periodicidad anterior |
Weekly |
| 362 1# - FECHAS DE PUBLICACIÓN Y/O DESIGNACIÓN SECUENCIAL |
| Fecha de publicación y/o designación secuencial |
Print began with issue for Feb. 21, 1925. |
| 500 ## - NOTA GENERAL |
| Nota general |
Some issues bear also thematic titles. |
| 506 ## - NOTA DE RESTRICCIONES AL ACCESO |
| Limitaciones de acceso |
Access restricted to authorized users and institutions. |
| 520 ## - SUMARIO, ETC. |
| Sumario, etc. |
The New Yorker is an American magazine known for its high-quality journalism, thoughtful essays, short stories, cultural criticism and distinctive cartoons. Founded in 1925, it has built a reputation for long-form reporting and carefully edited writing that often explores politics, society, literature, and the arts in depth.<br/><br/>Although it focuses largely on life in the United States—particularly New York City—its coverage frequently looks outward, offering international reporting and commentary on global issues. The magazine is also famous for its elegant illustrated covers and its dry, witty cartoons, which have become one of its most recognisable features.<br/><br/>Today, The New Yorker is published weekly in print and online, and remains one of the most influential magazines in English-language journalism. |
| 650 #0 - PUNTO DE ACCESO ADICIONAL DE MATERIA--TÉRMINO DE MATERIA |
| Término de materia o nombre geográfico como elemento de entrada |
Literature - Collections Periodicals. |
| Subdivisión de forma |
Collections |
| -- |
Periodicals. |
| 650 #0 - PUNTO DE ACCESO ADICIONAL DE MATERIA--TÉRMINO DE MATERIA |
| Término de materia o nombre geográfico como elemento de entrada |
Intellectual life. |
| 9 (RLIN) |
26802 |
| 651 #0 - PUNTO DE ACCESO ADICIONAL DE MATERIA--NOMBRE GEOGRÁFICO |
| Nombre geográfico |
New York (N.Y.) |
| Subdivisión general |
Intellectual life |
| Subdivisión de forma |
Directories. |
| 651 #0 - PUNTO DE ACCESO ADICIONAL DE MATERIA--NOMBRE GEOGRÁFICO |
| Nombre geográfico |
New York City (USA) |
| 9 (RLIN) |
22519 |
| 655 #7 - TÉRMINO DE INDIZACIÓN--GÉNERO/FORMA |
| Datos o término principal de género/forma |
Collections. |
| Fuente del término |
fast |
| Número de control del registro de autoridad o número normalizado |
(OCoLC)fst01424032 |
| 758 ## - IDENTIFICADOR DEL RECURSO |
| Etiqueta |
New Yorker |
| Código de función |
http://id.loc.gov/ontologies/bibframe/instanceOf |
| URI de un objeto del mundo real |
http://www.wikidata.org/entity/Q217305 |
| 776 08 - ENTRADA DE FORMULARIO FÍSICO ADICIONAL |
| Información de relación/Frase instructiva de referencia |
Print version: |
| Título |
New Yorker (New York, N.Y. : 1925) |
| Número Internacional Normalizado para Publicaciones Seriadas |
0028-792X |
| Número de control del registro |
(DLC) 28005329 |
| -- |
(OCoLC)1760231 |
| 942 ## - ELEMENTOS DE ENTRADA AGREGADA (KOHA) |
| Fuente del sistema de clasificación o colocación |
Clasificación Decimal Dewey |